00809cam a2200217 450000100100000000500170001000800410002701000130006802000150008104000280009608200170012424501340014126000620027530000250033749000300036250400290039265000250042165000500044670000490049683000460054500001221820200929162741.0700609s1969 iau b 000 0 eng  a73012413 a0697071502 aDO-SdBNPcDLCdICUdDLC a372.86bA62800aAnthology of contemporary readings; :ban introduction to physical education /c[by] Howard S. Slusher [and] Aileene S. Lockhart. aDubuque, Iowa, :bW. C. Brown Company Publishers,cc1969. axi, 324 p. ;c23 cm.1 aPhysical education series aIncludes bibliographies. 4aEducación física 4aEducación físicaxFormación profesional1 aLockhart, Aileene Simpson,d1911-ejoint ed. 0aPhysical education series (Dubuque, Iowa)